<?xml version="1.0" encoding="UTF-8"?>
<marc:record xmlns:marc="http://www.loc.gov/MARC21/slim">
   <marc:leader>00000nam a2200000 a 4500</marc:leader>
   <marc:datafield ind1="1" ind2=" " tag="100">
      <marc:subfield code="a">Adler, Yael</marc:subfield>
      <marc:subfield code="4">aut</marc:subfield>
      <marc:subfield code="e">Verfasser/-in</marc:subfield>
   </marc:datafield>
   <marc:datafield ind1=" " ind2=" " tag="653">
      <marc:subfield code="a">Ernährung</marc:subfield>
   </marc:datafield>
   <marc:datafield ind1="0" ind2="0" tag="245">
      <marc:subfield code="a">Genial ernährt!</marc:subfield>
   </marc:datafield>
   <marc:datafield ind1="0" ind2="0" tag="245">
      <marc:subfield code="b">Klüger essen, entspannter genießen, besser leben</marc:subfield>
   </marc:datafield>
   <marc:datafield ind1=" " ind2="1" tag="264">
      <marc:subfield code="b">Droemer Verl.</marc:subfield>
      <marc:subfield code="c">2025</marc:subfield>
   </marc:datafield>
   <marc:datafield ind1="1" ind2=" " tag="520">
      <marc:subfield code="a">Es geht um Balance, nicht um Perfektion! Das neue Buch über Ernährung von der Nummer-1-Bestsellerautorin Dr. med. Yael Adler  Kohlenhydrate, Fette, Proteine, Vitamine, Ballaststoffe; wir wissen mittlerweile, dass all das wichtige Bestandteile unserer Ernährung sind. Aber wenn es um konkrete Empfehlungen geht, widersprechen sich selbst Expertinnen und Experten regelmäßig. Ständig werden wir mit neuen Diätformen und Superfoods bombardiert, die viele Fragezeichen hinterlassen.  Paleo, Low-Carb, Low-Fat oder doch vegan?  Sind zuckerfreie oder vegetarische Ersatzprodukte tatsächlich gesünder? Welche Nahrungsergänzungsmittel sind tatsächlich wirksam? Wie viel Wasser sollten wir täglich trinken? Praktische Tipps für den Alltag  Bei all diesen wichtigen Themen lässt uns  Dr. med. Yael Adler endlich durchblicken. Sie erklärt eingängig und unterhaltsam, welche Nährstoffe, Ernährungsformen und Ergänzungsmittel wirklich gut für uns sind und was wir lieber vermeiden sollten. Dabei gibt die Ärztin und beliebte TV-Expertin jede Menge praktische Tipps an die Hand, die ganz einfach in den Alltag zu integrieren sind. Yael Adler zeigt uns: Sich gesund zu ernähren, kann auch Spaß machen und bedeutet nicht, auf Genuss verzichten zu müssen. Gesunde Ernährung beginnt mit kleinen, klugen Entscheidungen ab; Dr. med. Yael Adler</marc:subfield>
   </marc:datafield>
   <marc:datafield ind1=" " ind2=" " tag="020">
      <marc:subfield code="a">9783426448601</marc:subfield>
      <marc:subfield code="9">9783426448601</marc:subfield>
   </marc:datafield>
</marc:record>
